[Event "Chernivtsi op"]
[Site "Chernivtsi"]
[Date "2021.07.20"]
[Round "1"]
[White "Bykovskiy, Oleg"]
[Black "Zinyak, Artem"]
[Result "1-0"]
[WhiteElo "2246"]
[BlackElo "1737"]
[PlyCount "95"]
[EventDate "2021.07.20"]
[EventType "swiss"]
[EventRounds "9"]
[EventCountry "UKR"]
[SourceTitle "CBM 203 Extra"]
[Source "ChessBase"]
[SourceDate "2021.09.30"]
[SourceVersion "1"]
[SourceVersionDate "2021.09.30"]
[SourceQuality "1"]

1. e4 c6 2. d4 d5 3. e5 Bf5 4. h4 h5 5. Bg5 Qb6 6. Bd3 Bxd3 7. Qxd3 e6 8. Nf3 Ne7 9. 0-0 Nf5 10. Nbd2 Nd7 11. c4 Bb4 12. c5 Qc7 13. Nb3 b6 14. Rac1 bxc5 15. dxc5 Rb8 16. Be3 Qb7 17. Rfd1 a5 18. a3 a4 19. axb4 axb3 20. Bd2 Qb5 21. Be1 Rh6 22. Qxb3 Nxc5 23. Qc2 Na6 24. Qxc6+ Qxc6 25. Rxc6 Nxb4 26. Rc3 Rg6 27. Ra1 Rg4 28. Rb3 Ne7 29. Ra4 Nbc6 30. Rxb8+ Nxb8 31. Ra8 Nec6 32. b4 Kd7 33. b5 Kc7 34. bxc6 Nxc6 35. Rf8 Rf4 36. Ng5 Kd7 37. Rxf7+ Rxf7 38. Nxf7 Ke7 39. Ng5 Nxe5 40. Bc3 Ng6 41. Nf3 Kd6 42. Bxg7 e5 43. g3 d4 44. Kf1 d3 45. Nxe5 Nxe5 46. Bxe5+ Kxe5 47. f3 Kd4 48. Ke1 1-0